000 00539nam a2200169Ia 4500
999 _c7460
_d7460
003 OSt
005 20200129102258.0
008 190216s9999||||xx |||||||||||||| ||und||
020 _a9780070965188
040 _coclc
082 _a658.0018
_bMOT/M
100 _aMote, V L
_9644
245 0 _aManagerial Economics Concepts And Cases /
_cV L Mote ; Samuel Paul ; G S Gupta
260 _bTata Mc Graw Hill Publishing Company,
_c2007.
_aNew Delhi:
300 _a354p
942 _cBK
_2ddc
_h658.0018
_iMOT/M
_k658.0018
_mMOT/M